000 00492nam a2200181Ia 4500
005 20250508151640.0
008 008 250505s9999 xx 000 0 eng d
037 _aTextual
040 _aFEDL
_beng
_cFEDL
041 _aeng
_2eng
084 _a920, CLA
_qFEDL
100 _aClarke David Waldo
_9759672
245 0 _aModern English writers
260 _aLondon, UK
_bLongmans, Green and Co.
_c1952
300 _a92p
942 _cTEXL
_h920, CLA
999 _c1331147
_d1331147